00429nmm a2200157Ia 4500008004100000041000800041100001600049245001600065264005100081300001800132490001400150650002900164856005200193942000700245999001900252251105s9999||||xx |||||||||||||||||und|| aspa aHill, Gerri 2aA su manera a[Madrid, España] :bEditorial Egales, c2018 a480 páginas aNarrativa aNorth American narrative uhttps://public.digitaliapublishing.com/a/175329 cCF c100147d100147